| 000 | 01053nac a22003257a 4500 | ||
|---|---|---|---|
| 001 | BR2010001496 | ||
| 003 | BR-BrBNA | ||
| 005 | 20240105123818.0 | ||
| 008 | 230509b bl.|||m| |||| 00| 0 por d | ||
| 040 |
_aBR-BrBNA _bpor _cBiblioteca Nacional de Agricultura |
||
| 072 | _aE14; F01; E16 | ||
| 090 | _a0600 BR2010001496 | ||
| 100 | 1 | _aHoffmann, A. | |
| 100 | 1 | _aSanhueza, R.M.V. | |
| 100 | 1 | _aPrado, L.E.M. | |
| 100 | 1 | _aGirardi, C.L. | |
| 100 | 1 | _aGondo, T.C.I. | |
| 110 | 1 | _aEMBRAPA Uva e Vinho, Bento Gonçalves, RS (Brasil) | |
| 245 | 1 | _aProjeto-piloto de promoção comercial de frutas da produção integrada: fundamentos e resultados | |
| 260 | 3 |
_aBonto Gonçalves, RS (Brasil): _c2008. |
|
| 300 | _a8 p. | ||
| 490 |
_aCircular Técnica - EMBRAPA Uva e Vinho (Brazil) _vno. 80 _xISSN 1516-5914 |
||
| 500 | _a7 illus. | ||
| 650 | _aFRUTICULTURA | ||
| 650 | _aPROJETO AGRÍCOLA | ||
| 650 | _aPRODUÇÃO AGRÍCOLA | ||
| 650 | _aCOMERCIALIZAÇÃO | ||
| 909 |
_a202312 _bLúcia Elande _c55 _dLúcia Elande |
||
| 942 |
_2AGRIS _n0 _cMS |
||
| 999 |
_c297101 _d297101 |
||